Động vật và khoáng vật làm thuốc

Giới thiệu tên Latinh, nguồn gốc, nơi sản xuất, phương pháp thu nhặt, chế biến, tính chất và tính vị công dụng của 78 vị thuốc có nguồn gốc động vật và 41 vị thuốc có nguồn gốc khoáng vật

Guardado en:
Detalles Bibliográficos
Autor principal: Nguyễn Tuấn Khoa
Formato: Libro
Lenguaje:Vietnamese
Publicado: H. Y học 2010
Materias:
Etiquetas: Agregar Etiqueta
Sin Etiquetas, Sea el primero en etiquetar este registro!
Thư viện lưu trữ: Thư viện Trường Đại học Nam Cần Thơ
LEADER 01311nam a22002177a 4500
001 NCT_33774
008 180427b xxu||||| |||| 00| 0 vie d
999 |c 1628  |d 1628 
020 |c 35000 
082 0 4 |2 23rd ed.  |a 615  |b Kh401 
100 1 |a Nguyễn Tuấn Khoa 
245 1 0 |a Động vật và khoáng vật làm thuốc   |c Nguyễn Tuấn Khoa 
260 |a H.  |b Y học  |c 2010 
300 |a 139 tr.  |b Ảnh  |c 21cm 
520 3 |a Giới thiệu tên Latinh, nguồn gốc, nơi sản xuất, phương pháp thu nhặt, chế biến, tính chất và tính vị công dụng của 78 vị thuốc có nguồn gốc động vật và 41 vị thuốc có nguồn gốc khoáng vật  
653 |a Y đa khoa 
942 |2 ddc  |c BK 
952 |0 0  |1 0  |2 ddc  |4 0  |6 615_000000000000000_KH401  |7 0  |9 7779  |a 000001  |b 000001  |d 2018-04-27  |l 1  |o 615 Kh401  |p MD.11764  |r 2019-06-11  |s 2019-05-29  |v 35000.00  |w 2018-04-27  |y BK 
952 |0 0  |1 0  |2 ddc  |4 0  |6 615_000000000000000_KH401  |7 0  |9 7780  |a 000001  |b 000001  |d 2018-04-27  |o 615 Kh401  |p MD.11046  |r 2018-04-27  |v 35000.00  |w 2018-04-27  |y BK 
952 |0 0  |1 0  |2 ddc  |4 0  |6 615_000000000000000_KH401  |7 0  |9 7781  |a 000001  |b 000001  |d 2018-04-27  |o 615 Kh401  |p MD.11047  |r 2018-04-27  |v 35000.00  |w 2018-04-27  |y BK 
980 |a Thư viện Trường Đại học Nam Cần Thơ